000 00500ntaaa2200193 4500
003 01
005 20251027201038.0
008 0714s1973 ag 01
040 _aAR-BaBN
_bspa
_cAR-BaBN
_eaacr
_dRIC
082 _a160 M33
100 _aMaritain, Jacques
_94650
245 _aOrden de los conceptos /
_cJacques Maritain
250 _a1 ed.
260 _as.l. :
_bClub de Lectores,
_cc/962
300 _a389 p.
500 _a1-Lógica Menor; (Lógica Formal)
650 _aLógica
_95031
942 _cBK
999 _c4588
_d4588